01676cam a22003735a 45000010009000000050017000090080041000260100017000670150019000840160018001030200025001210200022001460350023001680400075001910820021002661000027002872450046003142500012003602600044003723000025004164900023004415000079004645000086005435040064006295050258006936500022009516500041009736510010010146530028010248560083010529420008011359990017011439520142011601484990720170509150000.0070514s2008 enk frb 001 0 eng d a 2007020110 aGBA7098392bnb7 a0136606532Uk a9780415773010 (pbk.) a0415773016 (pbk.) a(OCoLC)ocm82671751 aDLCbengcDLCdUKMdBAKERdBTCTAdBWKUKdBWKdYDXCPdNLGGCdKAAUAdDLC04a363.325bHAR2221 aHarmon, Christopher C.10aTerrorism today /cChristopher C. Harmon. a2nd ed. aLondon ;aNew York :bRoutledge,c2008. axi, 231 p. ;c26 cm.0 aPolitical violence a"Simultaneously published in the USA and Canada by Routledge"--T.p. verso. a"First edition published in 2000 by Frank Cass Publishers, London" -- T.p. verso. aIncludes bibliographical references (p. 208-217) and index.0 aIntroduction to the second edition -- Politics and policies -- Strategies of terrorist groups -- Operations : funding terror -- Technologies and tactics -- Counterterrorism -- How terror groups end -- Glossary of terrorist groups -- Select bibliography. 7aTerrorism.2BUEsh 7aTerrorismxPrevention.2BUEsh915784 2BUEsh bLLAAWWbBUSBOLcMay2017413Table of contents onlyuhttp://www.loc.gov/catdir/toc/ecip0718/2007020110.html 2ddc c24816d24788 00102ddc40708Scien G.aMAINbMAINc1STd2017-05-09ePurchaseg320.00h666l0o363.325 HARp000046074r2025-07-15 00:00:00v400.00yBB